Quizzes
Events
Quiz Creation
Community
Videos
Private Events
Remove Ads
Sign In
Join for FREE
Feedback
Dark Mode
Quiz Categories
Sports
Geography
Music
Movies
Television
Just For Fun
Miscellaneous
History
Literature
Language
Science
Gaming
Entertainment
Religion
Holiday
For Kids
Quiz Lab
Recent
Popular Today
Quiz Kudos Today
Editor Picks
Curator Picks
Quizzes by...
Day
Popularity
Type
Ratings
Length
Year
Community
Subscriptions
Recent Discussions
Orange Saloon
Badges
Playlists
Quests
Create
Leaderboards
Showdown
Live 5
Trivia Bingo
Activity
Puzzle Library
Sporcle Events
Private Events
Virtual Trivia
Globe League
Become a Host
Pub Owners
SporcleCon
Opinionation
Our Games
Videos
Blog
Mobile Apps
Partnerships
Remove Ads and Go Orange
Feedback
Music
Pop Music
The Beatles
Song
Album
Lyrics
Bands
Singers
Artist
Clip
Rock
Rap
Classical
Billboard
Country Music
Kpop
Taylor Swift
Music
Pop Music
The Beatles
Song
Album
Lyrics
Bands
Singers
Artist
Clip
Rock
Rap
Classical
Billboard
Country Music
Kpop
Taylor Swift
Random Quiz
Search Sporcle
×
Quiz Lab
Quiz Lab
Music
Numbers
Type in answers that appear in a list
Type in answers that appear in a list
Classic
Best Score? Go Orange.
'Y' UK #1S Stats
Can you name the UK Number 1 hits starting with Y?
By
Beano73
9m
42 Questions
75 Plays
75 Plays
75 Plays
Comments
Comments
Give Quiz Kudos
Give Quiz Kudos
-
- Ratings
hide this ad
More Info
Replay
Link that replays current quiz
Next Quiz
Link to next quiz in quiz playlist
You Got
0%
They Got
Avg Score
41%
Avg Friend Score
Upgrade to see
Score Distribution
Jump to the score distribution portion of the page
Score
0/42
Timer
09:00
0
Plays Today
Artiste/s
Title
% Correct
The Village People
Y.M.C.A.
89.3%
John Travolta & Olivia Newton-
John
You're The One That I Want
81.3%
James Blunt
You're Beautiful
81.3%
Usher feat. Lil' John & Ludacris
Yeah
78.7%
The Kinks
You Really Got Me
70.7%
Dead Or Alive
You Spin Me Round (Like A Record)
68%
The Beatles
Yellow Submarine - Eleanor Rigby
66.7%
The Righteous Brothers
You've Lost That Loving Feeling
65.3%
Phil Collins
You Can't Hurry Love
56%
Michael Jackson
You Are Not Alone
56%
X Factor Finalists 2009
You Are Not Alone
56%
The Bluebells
Young At Heart
48%
Gerry & The Pacemakers
You'll Never Walk Alone
46.7%
The Crowd
You'll Never Walk Alone
46.7%
Gary Puckett & The Union Gap
Young Girl
45.3%
Baccara
Yes Sir I Can Boogie
42.7%
New Kids On The Block
You Got It (The Right Stuff)
41.3%
Olive
You're Not Alone
40%
Cliff Richard & The Shadows
The Young Ones
38.7%
Tab Hunter
Young Love
37.3%
Christie
Yellow River
37.3%
Artiste/s
Title
% Correct
Donny Osmond
Young Love
37.3%
White Town
Your Woman
37.3%
Barry White
You're The First The Last My Everything
36%
The Bee Gees
You Win Again
36%
The Real Thing
You To Me Are Everything
33.3%
Dusty Springfield
You Don't Have To Say You Love Me
32%
Helen Shapiro
You Don't Know
30.7%
Rod Stewart
You Wear It Well
30.7%
Georgie Fame & The Blue Flames
Yeh Yeh
29.3%
Armand Van Helden
You Don't Know Me
28%
Usher
You Make Me Wanna
26.7%
Sonia
You'll Never Stop Me From Loving You
24%
Black Legend
You See The Trouble With Me
24%
Westlife
You Raise Me Up
22.7%
Cilla Black
You're My World
21.3%
Busted
You Said No
20%
Boyzone
You Needed Me
18.7%
Jo Stafford
You Belong To Me
14.7%
The Temperance Seven
You're Driving Me Crazy
13.3%
The New Seekers
You Won't Find Another Fool Like Me
10.7%
Johnnie Ray
Yes Tonight Josephine
8%
Quiz Playlist
Details
Report
Send in Message
Add To Playlist
More Info:
Song words in brackets are ignored. For double A sides, you only need to type the first listed track...
Classic:
Type in answers that appear in a list
Last Updated: Feb 16, 2017
Quiz Scoreboard
CHALLENGE
Sign Up to Join the Scoreboard
Show All
Scores
Hide
Comments
May contain spoilers
Recently Published
College Basketball Coaching Resumes
by pancakes188
Sports
9m
Billboard Blitz: Fleetwood Mac
by CooCooCachoo
Music
15s
Presidents Visiting Landmarks
by Hejman
History
7m
More to Explore
Quiz From the Vault
Featured Blog Post
Where Did the Easter Bunny Come From?
hide this ad
You Might Also Like...
Tags
Numbers Quiz
#1s
hit
Starting
Today's Top Quizzes in Music
Browse Music
hide this ad
Today's Top Quizzes in Numbers
Browse Numbers
Top Contributed Quizzes in Music
1
Taylor Swift All Songs (2024)
2
Guess the Artist- 70s Songs
3
7-to-1: Billboard Hot 100 #1 Hits of 2010s
4
Sorting Albums and Songs
5
Taylor Swift Logic Puzzle
6
KPOP LOGIC QUIZ
7
Guess the Taylor Swift song (Mystery Song)
8
One Thing in Common: Music
9
2010s Album by Cover III
10
Guess The Taylor Swift Lyrics Song #1
Explore More
Trending Topics
Marvel
Kpop
NBA
Disney
Harry Potter
Anime
Crossword
NFL
WWE
Pokémon
Soccer
Puzzle
Country
The Office
Song
hide this ad
More By:
Beano73
Quiz
Plays
Rating
Category
Featured
Created
West Ham 1980's players
986
4.00
Sports
Feb 6, 2011
'F' UK #1S
911
4.50
Music
Jun 16, 2011
Friday Night Dinner - Mega Quiz
433
Television
Apr 4, 2020
Fawlty Towers characters
402
4.33
Television
Feb 7, 2011
P Countries & Capitals
398
4.42
Geography
Mar 31, 2011
Go to Creator's Profile
Score Distribution
Quiz Creator Spotlight
Beano73
Follow
Send a Message
Quizzes Created
-
Created Quiz Play Count
-
More By This Creator
Popular Quizzes Today
1
Find the US States - No Outlines Minefield
2
Find the Countries of Europe - No Outlines Minefield
3
The Countries of the World
4
Find the US States
5
Risky Map Clicking: Biggest States A-Z
6
US States
7
Popular People in 1961
8
Movies - When Are They Set?
More Music Quizzes
Clairo: Immunity (Every Song)
Quiz Lab
Trending Quizzes
Risky Map Clicking: Least Populous States A-Z
1-10 Letter G Words
1-10 Letter F Words
Risky Map Clicking: Next State Alphabetically
Adjectives in 80s TV Shows
Recently Updated
Leaping Animals
pecheneg
Reality TV Shows (A-Z)
bhenderson79
Rickey Henderson's Hall of Fame Teammates
pecheneg
Champions League XIs: Arsenal
pecheneg
Quick Pick: Celebrities in WWE's Hall of Fame
aduchscher
A-Z Keypad Blitz II
pecheneg
Multiple Oscar Actors
pecheneg
Mystery Phrase Blitz: Oscar 'Best Actors'
pecheneg
F. Scott Fitzgerald Novels
LTH
Pick 3 Villains
ddd62291
Trending Topics
Kpop
Crossword
Anime
Harry Potter
Marvel
NBA
Disney
Soccer
Country
WWE
Pokémon
NFL
Puzzle
Song
The Office
Your Account Isn't Verified!
In order to create a playlist on Sporcle, you need to verify the email address you used during registration. Go to your
Sporcle Settings
to finish the process.
Report this User
Report this user for behavior that violates our
Community Guidelines
.
Details:
Send Report
Go to the Sporcle.com Mobile Site →
Comments